[Event "Titled Tuesday intern op 31st Jan Early"]
[Site "Chess.com INT"]
[Date "2023.01.31"]
[Round "10"]
[White "Gottstein, Claudius Thomas"]
[Black "Lauridsen, Jesper Morch"]
[Result "1/2-1/2"]
[WhiteElo "2113"]
[BlackElo "2250"]
[PlyCount "91"]
[EventDate "2023.01.31"]
[EventType "swiss (blitz)"]
[EventRounds "11"]
[EventCountry "USA"]
[SourceTitle "CBM 212 Extra"]
[Source "ChessBase"]
[SourceDate "2023.03.31"]
[SourceVersion "1"]
[SourceVersionDate "2023.03.31"]
[SourceQuality "1"]

1. Nf3 g6 2. c4 Bg7 3. Nc3 d6 4. g3 Nf6 5. Bg2 0-0 6. 0-0 Nbd7 7. b4 e5 8. Bb2 Re8 9. e4 Nf8 10. d3 Ne6 11. Nd5 c6 12. Nxf6+ Qxf6 13. a4 a5 14. b5 c5 15. Bc3 b6 16. Bd2 Nd4 17. Nxd4 cxd4 18. Qf3 Qxf3 19. Bxf3 Bh3 20. Bg2 Bxg2 21. Kxg2 f5 22. Rae1 Ra7 23. f4 Rae7 24. Kf3 h6 25. h4 Kh7 26. Bc1 Bf6 27. Rh1 exf4 28. Bxf4 fxe4+ 29. Rxe4 Rxe4 30. dxe4 Be5 31. Rd1 Rf8 32. Kg4 h5+ 33. Kf3 Kg7 34. Rf1 Rf6 35. Ke2 Kf7 36. Rf3 Ke6 37. Bg5 Rxf3 38. Kxf3 d3 39. Bf4 Bc3 40. Ke3 d2 41. Ke2 Bb4 42. Bxd2 Ke5 43. Bf4+ Kxe4 44. Bg5 Bc5 45. Bd8 d5 46. cxd5 1/2-1/2

[Event "Titled Tuesday intern op 31st Jan Early"]
[Site "Chess.com INT"]
[Date "2023.01.31"]
[Round "4"]
[White "Lauridsen, Jesper Morch"]
[Black "Iljin, Timofey"]
[Result "0-1"]
[WhiteElo "2250"]
[BlackElo "2337"]
[PlyCount "146"]
[EventDate "2023.01.31"]
[EventType "swiss (blitz)"]
[EventRounds "11"]
[EventCountry "USA"]
[SourceTitle "CBM 212 Extra"]
[Source "ChessBase"]
[SourceDate "2023.03.31"]
[SourceVersion "1"]
[SourceVersionDate "2023.03.31"]
[SourceQuality "1"]

1. Nf3 d5 2. b3 Nf6 3. e3 Bf5 4. Bb2 e6 5. d4 Nbd7 6. Be2 h6 7. 0-0 Bd6 8. c4 c6 9. Nc3 0-0 10. a3 Re8 11. c5 Bc7 12. Na4 Qb8 13. b4 e5 14. dxe5 Nxe5 15. Nxe5 Bxe5 16. Bxe5 Qxe5 17. Bf3 Ne4 18. Bxe4 Bxe4 19. Qd4 Qg5 20. f3 Bc2 21. f4 Qe7 22. Nc3 Qxe3+ 23. Qxe3 Rxe3 24. Rf3 Rxf3 25. gxf3 d4 26. Ne4 Bxe4 27. fxe4 Re8 28. Re1 d3 29. e5 f6 30. Rd1 fxe5 31. fxe5 Rxe5 32. Rxd3 Rd5 33. Rf3 Rd7 34. Kg2 a6 35. Kg3 g6 36. h4 Rd4 37. Re3 Kf7 38. Rb3 Ke6 39. Re3+ Kd5 40. Re7 Rd3+ 41. Kf4 Rxa3 42. Rxb7 Ra4 43. h5 gxh5 44. Kf5 Kc4 45. Rc7 Rxb4 46. Rxc6 Rb5 47. Rxa6 Rxc5+ 48. Kf4 Kd3 49. Rxh6 Ke2 50. Kg3 Ke3 51. Kh4 Kf4 52. Kh3 Kg5 53. Rh8 Rc3+ 54. Kg2 Kh4 55. Kf2 Rc2+ 56. Kf3 Rc1 57. Kg2 Rc7 58. Kh2 Rc2+ 59. Kg1 Kg4 60. Rg8+ Kh3 61. Rh8 h4 62. Rg8 Rc1+ 63. Kf2 Kh2 64. Kf3 h3 65. Rh8 Rc7 66. Kf2 Rf7+ 67. Ke1 Rg7 68. Rf8 Kh1 69. Rf1+ Rg1 70. Kf2 h2 71. Ke2 Kg2 72. Rf2+ Kg3 73. Rf3+ Kg4 0-1